Loading...
Perspectives in concorrency theory /
| Other Authors: | |
|---|---|
| Format: | Printed Book |
| Published: |
Hyderabad:
Universities Press,
2009.
|
| Subjects: |
| LEADER | 00508cam a2200157ua 4500 | ||
|---|---|---|---|
| 008 | 100716t2009||||||||||| 00 ||||| c | ||
| 082 | |a 511.3 |b LOD/P | ||
| 245 | 1 | 0 | |a Perspectives in concorrency theory / |
| 260 | |a Hyderabad: |b Universities Press, |c 2009. | ||
| 300 | |a 505p.. | ||
| 362 | 1 | |a 2009. | |
| 650 | 0 | |a Concurrency theory | |
| 700 | 0 | 2 | |a Lodaya,, Kamal |
| 942 | |c BK | ||
| 999 | |c 22704 |d 22704 | ||
| 952 | |0 0 |1 0 |4 0 |6 511_300000000000000_LOD |7 0 |9 24080 |a KUCL |b KUCL |d 2014-05-23 |l 0 |o 511.3 LOD/ |p 23251 |r 2014-05-23 |w 2014-05-23 |y BK | ||